000 00306nam a22001337a 4500
082 _a891.4391
100 _aAmjad Islam Amjad
245 _aMuhabat aisa darya hai
260 _aLahore,
_bJahangir book dipo
_c2004
300 _a143p. :
650 _aUrdu poetry
700 _aAmjad Islam Amjad
942 _cBK
999 _c11492
_d11492